No Freedom With Caste: The Menace of Hindu Imperialism (Record no. 20864)

MARC details
000 -LEADER
fixed length control field 00333nam a22001337a 4500
020 ## - INTERNATIONAL STANDARD BOOK NUMBER
ISBN 81-7495-164-4
082 ## - DEWEY DECIMAL CLASSIFICATION NUMBER
Classification number 306.0899145 DHA
100 ## - MAIN ENTRY--AUTHOR NAME
Author name Dharmateertha, Swami
245 ## - TITLE STATEMENT
Title No Freedom With Caste: The Menace of Hindu Imperialism
260 ## - PUBLICATION, DISTRIBUTION, ETC. (IMPRINT)
Place of publication Delhi
Name of publisher Media House
Year of publication 2004
300 ## - PHYSICAL DESCRIPTION
Number of Pages 254
650 ## - SUBJECT ADDED ENTRY--TOPICAL TERM
Topical Term Caste-India
942 ## - ADDED ENTRY ELEMENTS (KOHA)
Koha item type Books
Holdings
Home library Current library Shelving location Date acquired Source of acquisition Cost, normal purchase price Full call number Accession Number Koha item type
Henry Martyn Institute Library Henry Martyn Institute Library General stacks 02/23/2018 Director 295.00 306.0899145 DHA 11-3611 Books
                   Copyright © 2026 | Henry Martyn Institute | Hyderabad | TS-500052 | INDIA | Implemented by hmi.edu.in
Hit-Count:

Powered by Koha